[Event "Santiago Endesa 15"]
[Site "Santiago de Chile"]
[Date "2009.07.20"]
[Round "9"]
[White "Castiglione Alencastre, Aldo"]
[Black "Espinoza, Horacio"]
[Result "1/2-1/2"]
[WhiteElo "2019"]
[BlackElo "2064"]
[PlyCount "164"]
[EventDate "2009.07.01"]
[EventType "tourn"]
[EventRounds "11"]
[EventCountry "CHI"]
[SourceTitle "EXT 2012"]
[Source "ChessBase"]
[SourceDate "2011.11.24"]
[SourceVersion "1"]
[SourceVersionDate "2011.11.24"]
[SourceQuality "1"]

1. e4 e5 2. Nf3 Nc6 3. Bc4 Bc5 4. b4 Bxb4 5. c3 Ba5 6. d4 exd4 7. 0-0 d6 8. Qb3 Qe7 9. e5 dxe5 10. Ba3 Qf6 11. cxd4 exd4 12. Nbd2 Bb6 13. Ne4 Qf4 14. g3 Qf5 15. Nh4 Qh5 16. Rfe1 Nge7 17. Bb5 Be6 18. Bxc6+ Nxc6 19. Nf6+ gxf6 20. Rxe6+ Kd7 21. Rxf6 Rae8 22. Rxf7+ Kc8 23. Rf5 Qe2 24. Bc5 d3 25. Bxb6 axb6 26. Rd1 Rd8 27. Rf7 Rd4 28. Nf5 Rb4 29. Qxd3 Qxd3 30. Rxd3 Ne5 31. Ne7+ Kb8 32. Rdf3 Nxf3+ 33. Rxf3 h5 34. h4 b5 35. Kg2 Rc4 36. Re3 b4 37. Nd5 c6 38. Nf6 Rc3 39. Re5 Rc2 40. Nxh5 Rxa2 41. Nf4 b3 42. Re3 Ra3 43. Nd3 Rd8 44. Nb2 b5 45. Rc3 Rd2 46. h5 Rxb2 47. h6 Kc7 48. g4 Rc2 49. Rxb3 Ra8 50. g5 Rf8 51. Rf3 Rc5 52. g6 Rg8 53. Rg3 Rh5 54. h7 Rxg6 55. Rxg6 Rxh7 56. f4 b4 57. f5 Rf7 58. f6 Kb6 59. Kh3 Kb5 60. Rg5+ c5 61. Rf5 b3 62. Rf2 Kb4 63. Kg4 c4 64. Kg5 c3 65. Kg6 Rf8 66. Kg7 Rc8 67. Rf4+ Ka3 68. f7 b2 69. Rc4 Rxc4 70. f8Q+ Rb4 71. Qa8+ Kb3 72. Qd5+ Kc2 73. Qf5+ Kb3 74. Qe6+ Ka3 75. Qa6+ Ra4 76. Qd6+ Ka2 77. Qd5+ Ka1 78. Qd1+ b1Q 79. Qxa4+ Kb2 80. Qb5+ Kc1 81. Qf1+ Kb2 82. Qb5+ Kc1 1/2-1/2

[Event "Santiago Endesa 15"]
[Site "Santiago de Chile"]
[Date "2009.07.15"]
[Round "7"]
[White "Morales Garcia, Hugo"]
[Black "Espinoza, Horacio"]
[Result "1/2-1/2"]
[WhiteElo "2051"]
[BlackElo "2064"]
[PlyCount "41"]
[EventDate "2009.07.01"]
[EventType "tourn"]
[EventRounds "11"]
[EventCountry "CHI"]
[SourceTitle "EXT 2012"]
[Source "ChessBase"]
[SourceDate "2011.11.24"]
[SourceVersion "1"]
[SourceVersionDate "2011.11.24"]
[SourceQuality "1"]

1. e4 e5 2. Nf3 Nc6 3. Bb5 f5 4. Nc3 Nf6 5. d3 d6 6. 0-0 Be7 7. d4 fxe4 8. dxe5 exf3 9. exf6 Bxf6 10. Re1+ Be5 11. Qxf3 Bd7 12. Bxc6 Bxc6 13. Qh5+ g6 14. Rxe5+ dxe5 15. Qxe5+ Kf7 16. Bh6 Qf6 17. Qxc7+ Qe7 18. Qf4+ Qf6 19. Qc7+ Qe7 20. Qf4+ Qf6 21. Qc7+ 1/2-1/2

[Event "Santiago Endesa 15"]
[Site "Santiago de Chile"]
[Date "2009.07.13"]
[Round "6"]
[White "Espinoza, Horacio"]
[Black "Matamala, Emiliano"]
[Result "1-0"]
[WhiteElo "2064"]
[BlackElo "1879"]
[PlyCount "81"]
[EventDate "2009.07.01"]
[EventType "tourn"]
[EventRounds "11"]
[EventCountry "CHI"]
[SourceTitle "EXT 2012"]
[Source "ChessBase"]
[SourceDate "2011.11.24"]
[SourceVersion "1"]
[SourceVersionDate "2011.11.24"]
[SourceQuality "1"]

1. e4 c5 2. Nf3 e6 3. c3 a6 4. d4 d5 5. e5 Nc6 6. Bd3 Qb6 7. 0-0 cxd4 8. cxd4 Bd7 9. Be3 Qxb2 10. Nbd2 b5 11. Nb3 Qa3 12. Qe2 Nb4 13. Bb1 Nc6 14. Ne1 Qe7 15. Nc5 f5 16. g4 g6 17. gxf5 gxf5 18. Kh1 h5 19. Rg1 Qf7 20. Ned3 Bxc5 21. Nxc5 Bc8 22. a4 b4 23. Bd3 a5 24. Bb5 Nge7 25. Bg5 Kf8 26. Bf6 Rh7 27. Qe3 Nd8 28. Rac1 Ra7 29. Nd3 Bd7 30. Qg5 Bxb5 31. axb5 b3 32. b6 Rb7 33. Nc5 b2 34. Rb1 Nec6 35. Bxd8 Rg7 36. Qxg7+ Qxg7 37. Rxg7 Rxg7 38. Nxe6+ Kf7 39. Nxg7 Kxg7 40. Bf6+ Kf7 41. Rxb2 1-0

[Event "Santiago CALF op"]
[Site "Santiago de Chile"]
[Date "2004.05.08"]
[Round "3"]
[White "Espinoza, Horacio"]
[Black "Cruz Bulnes, Domingo"]
[Result "0-1"]
[WhiteElo "2065"]
[BlackElo "1887"]
[PlyCount "95"]
[EventDate "2004.06.21"]
[EventType "swiss"]
[EventRounds "9"]
[EventCountry "CHI"]
[SourceTitle "EXT 2005"]
[Source "ChessBase"]
[SourceDate "2004.11.15"]
[SourceVersion "1"]
[SourceVersionDate "2004.11.15"]
[SourceQuality "1"]

1. e4 e5 2. Nf3 Nc6 3. Bb5 a6 4. Ba4 Nf6 5. 0-0 Be7 6. Re1 b5 7. Bb3 0-0 8. c3 d5 9. exd5 Nxd5 10. h3 Bf6 11. d3 Bb7 12. Nbd2 g6 13. Ne4 Bg7 14. Bg5 f6 15. Be3 Kh8 16. Bc5 Re8 17. h4 Nf4 18. Bf7 Qxd3 19. Bxe8 Rxe8 20. Qxd3 Nxd3 21. Red1 Nxb2 22. Re1 Na5 23. Ng3 Bxf3 24. gxf3 c6 25. h5 f5 26. Kg2 Nac4 27. hxg6 hxg6 28. Rh1+ Kg8 29. f4 exf4 30. Nf1 f3+ 31. Kg3 f4+ 32. Kh2 Bxc3 33. Kh3 Ne5 34. Rb1 Nbc4 35. Nh2 Nd3 36. Nxf3 Nxc5 37. Rhg1 Ne5 38. Nh4 Ne4 39. Nxg6 Nxf2+ 40. Kg2 Nxg6 41. Kf1 Re6 42. Rc1 Ne4 43. Kg2 Kf7 44. a3 b4 45. Rc2 Nc5 46. Rcc1 Re2+ 47. Kf3 Re3+ 48. Kf2 0-1

[Event "Santiago CALF op"]
[Site "Santiago de Chile"]
[Date "2004.04.24"]
[Round "1"]
[White "Tossi Saavedra, Rodrigo Andres"]
[Black "Espinoza, Horacio"]
[Result "0-1"]
[WhiteElo "1648"]
[BlackElo "2041"]
[PlyCount "67"]
[EventDate "2004.06.21"]
[EventType "swiss"]
[EventRounds "9"]
[EventCountry "CHI"]
[SourceTitle "EXT 2005"]
[Source "ChessBase"]
[SourceDate "2004.11.15"]
[SourceVersion "1"]
[SourceVersionDate "2004.11.15"]
[SourceQuality "1"]

1. e4 d6 2. d4 Nf6 3. Nc3 g6 4. Be3 Bg7 5. Bd3 0-0 6. f3 c6 7. Nge2 b5 8. Qd2 b4 9. Nd1 a5 10. 0-0 Nbd7 11. Bh6 Qc7 12. Bxg7 Kxg7 13. Nf2 c5 14. c3 c4 15. Bb1 Rb8 16. h3 Qb6 17. f4 bxc3 18. bxc3 e5 19. Rd1 Kg8 20. f5 Nh5 21. Qg5 Qb2 22. g4 Nf4 23. Nxf4 exf4 24. e5 dxe5 25. Be4 Qxc3 26. fxg6 Qg3+ 27. Kf1 Rb2 28. gxf7+ Kh8 29. Nh1 Qxh3+ 30. Kg1 f3 31. Rd2 Rxd2 32. Qxd2 Qxg4+ 33. Kf1 c3 34. Qc2 0-1

[Event "Santiago CALF op"]
[Site "Santiago de Chile"]
[Date "2003.??.??"]
[Round "5.2"]
[White "Espinoza, Horacio"]
[Black "Mardones Moncada, Marcelo"]
[Result "0-1"]
[WhiteElo "2041"]
[BlackElo "1877"]
[PlyCount "70"]
[EventDate "2003.??.??"]
[EventType "swiss"]
[EventRounds "9"]
[EventCountry "CHI"]
[SourceTitle "EXT 2004"]
[Source "ChessBase"]
[SourceDate "2003.11.25"]
[SourceVersion "1"]
[SourceVersionDate "2003.11.25"]
[SourceQuality "1"]

1. e4 e5 2. Nf3 Nc6 3. Bc4 Be7 4. c3 Nf6 5. Qe2 d6 6. h3 0-0 7. 0-0 h6 8. Bb3 Kh8 9. d4 Nh7 10. Rd1 Qe8 11. Nh2 f5 12. exf5 Bxf5 13. Na3 Qg6 14. g4 Bd7 15. Bc2 Qf7 16. Rd3 exd4 17. Rf3 Bf6 18. Qe4 g5 19. Bd2 Rae8 20. Qd3 Ne5 21. Qxh7+ Qxh7 22. Bxh7 Nxf3+ 23. Nxf3 Kxh7 24. Nxd4 Bxd4 25. cxd4 Rf3 26. Be3 Rxh3 27. Rc1 c6 28. Nc4 Bxg4 29. Nxd6 Re7 30. Kg2 Rf3 31. Nc4 Rf8 32. Ne5 Be6 33. Kf1 Bxa2 34. Ra1 Rxe5 35. Rxa2 Rxe3 0-1